| 000 | 00881nam1a22002291i 4500 | ||
|---|---|---|---|
| 001 | rc\3612724 | ||
| 005 | 20240726082710.0 | ||
| 035 | _a(NLR Aleph) 007817492 | ||
| 090 |
_a7732768 _c7732768 |
||
| 100 | _a20130115g1969 |||y0rusy50 ca | ||
| 101 | 0 | _arus | |
| 102 | _aRU | ||
| 105 | _a g ||||| | ||
| 200 | 1 |
_aКоррозия и защита химической аппаратуры _eСправочное руководство _fПод ред. д-ра хим. наук проф. А.М. Сухотина. Т. 1- |
|
| 210 |
_aЛенинград _cХимия. Ленингр. отд-ние _d1969- |
||
| 215 | _d21 | ||
| 606 |
_aХимическая аппаратура _xЗащита от коррозии _jСправочники _2psbo |
||
| 702 | 1 |
_aСухотин _bА.М. _4340 |
|
| 801 | 0 |
_aRU _bNLR _gpsbo |
|
| 801 | 1 |
_aRU _bELAR _2rusmarc |
|
| 852 |
_aNLR _j69-5/4879 |
||
| 942 | _cBOOK | ||